Étude aire asiatique - Choix - Statistiques

Statistiques générales
  • Ce quiz a été pris 6 fois
  • Le résultat moyen est 34 sur 58
Statistiques - réponses
Hint Réponse % Correct
Quel désert se situe entre la Chine et la Mongolie ? Désert de Gobi
100%
Dans quel pays se trouve la ville-État de Singapour ? Singapour
100%
Quel détroit sépare la Malaisie péninsulaire de l’île de Sumatra ? Détroit de Malaka
80%
Quel golfe borde la côte est de l’Inde et de la Myanmar ? Golfe du Bengale
80%
Quelle est la capitale des Philippines ? Manille
80%
Quelle mer borde la Chine à l’est, près de Shanghai ? Mer de Chine orientale
80%
Quelle est la capitale de la Mongolie ? Oulan-Bator
80%
Quelle est la capitale du Cambodge ? Phnom Penh
80%
Quelle est la capitale de la Corée du Nord ? Pyongyang
80%
Quelle est la capitale de la Corée du Sud ? Séoul
80%
Quelle est la capitale du Japon ? Tokyo
80%
Quelle est la capitale du Laos ? Vientiane
80%
Dans quel pays se trouve Saigon (ou Hô Chi Minh Ville) ? Viêt-Nam
80%
Dans quelle baie classée à l’UNESCO se trouvent des formations karstiques au nord du Viêt-Nam ? Baie Ha Long
60%
Quelle est la capitale de la Thaïlande ? Bangkok
60%
Quelle chaîne traverse le Laos et le Viêt-Nam ? Chaîne Annamitique
60%
Quelle chaîne montagneuse s’étend au Timor-Oriental ? Cordillère du Timor
60%
Quelle est la capitale du Timor-Oriental ? Dili
60%
Quel fleuve forme une frontière entre la Russie et la Chine ? Fleuve Amour
60%
Quel fleuve, aussi appelé Huang He, traverse le nord de la Chine ? Fleuve Jaune
60%
Quel fleuve se trouve en Indonésie ? Fleuve Java
60%
Quel grand fleuve traverse le Laos, la Thaïlande, le Cambodge et le Viêt-Nam ? Fleuve Mékong
60%
Quel fleuve est le plus long de la Corée du Sud ? Fleuve Nakdong
60%
Quel fleuve traverse Pyongyang ? Fleuve Taedong
60%
Quel golfe borde le sud de la Thaïlande et l’ouest du Cambodge ? Golfe de Thaïlande
60%
Quelle est la capitale du Viêt-Nam ? Hanoï
60%
Dans quel massif montagneux se trouve le mont Everest ? Himalaya
60%
Quelle ville chinoise se situe au sud ? Hong Kong
60%
Quelle est la capitale de l’Indonésie ? Jakarta
60%
Quelle est la capitale de la Malaisie ? Kuala Lumpur
60%
Quel lac se situe au nord du Viêt-Nam, dans une région montagneuse ? Lac BeBê
60%
Quel lac est le plus grand du Japon ? Lac Biwa
60%
Quel grand lac salé se trouve sur le plateau tibétain ? Lac Qinghai
60%
Quelle mer borde les côtes ouest de la Thaïlande et du Myanmar ? Mer d'Andaman
60%
Quelle mer se trouve à l’est des Philippines ? Mer des Philippines
60%
Quel mont se situe au Japon ? Mont Fuji
60%
Quelle est la capitale du Myanmar ? Naypyidaw
60%
Quelle est la capitale de la Nouvelle-Calédonie ? Nouméa
60%
Quelle est la capitale de la Chine ? Pékin
60%
Quel plateau se trouve entre la Chine et la Mongolie ? Plateau de Mongolie
60%
Quel plateau retrouve-t-on au Viet-Nam ? Plateau du Viet-Nam
60%
Quel plateau se retrouve entre la Myanmar et la Thaïlande ? Plateau Shan
60%
Quelle est la capitale du Vanuatu ? Port-Vila
60%
Quelle ville chinoise se situe à l'est ? Shanghai
60%
Dans quel pays se trouve la ville de Taipei ? Taïwan
60%
Quelle est la capitale de Kiribati ? Tarawa-Sud
60%
Quel volcan qui se retrouve en Indonésie ? Volcan Krakatoa
60%
Quel fleuve marque la frontière entre la Corée du Nord et la Chine ? Fleuve Amnok
40%
Quel fleuve est le plus long de Chine ? Fleuve Yangtsé
40%
Quelle est la capitale des îles Marshall ? Majuro
40%
Quelle mer s’étend au sud de la Chine, bordant le Viêt-Nam, les Philippines et la Malaisie ? Mer de Chine méridionale
40%
Quelle est la capitale des États fédérés de Micronésie ? Palikir
40%
Quelle chaîne se situe principalement au nord du sous-continent indien ? Chaîne de l’Hindoustan
20%
Quel fleuve traverse Bangkok ? Fleuve Chao Phraya
20%
Quel fleuve traverse Séoul ? Fleuve Han
20%
Quelle est la capitale de Tuvalu ? Funafuti
20%
Quelle chaîne montagneuse traverse la Mongolie, la Chine et la Russie ? L’Altaï
20%
Quelle mer est située entre Bornéo, les Philippines et Sulawesi ? Mer de Célèbes
20%
Aucun quiz correspondant
Distribution des résultats
% des personnes avec chaque résultat
Percentile par nombre de réponses
Votre historique - résultats
Vous n’avez pas pris ce quiz